La scuola triestina di storia antica: incontro di studio in onore di Filippo Cassola e Ruggero Fauro Rossi

Guardat en:
Dades bibliogràfiques
Autor principal: Bandelli, Gino (Autor)
Format: Llibre
Idioma:italià
Publicat: Venecia Deputazione di Storia Patria per la Venezia Giulia 1998
Edició:1a. ed
Col·lecció:Quaderni Giuliani di Storia, 2
Matèries:
Etiquetes: Afegir etiqueta
Sense etiquetes, Sigues el primer a etiquetar aquest registre!

MARC

LEADER 00000cam a2200000 a 4500
001 UCD8620
003 CL-VaPUC
008 170519e19980000it |||||||||||||||||ita|d
082 0 4 |a 937  |b BAN  |2 21 
100 0 |a Bandelli, Gino  |e author  |9 592116 
245 1 3 |a La scuola triestina di storia antica: incontro di studio in onore di Filippo Cassola e Ruggero Fauro Rossi 
250 |a 1a. ed 
300 |a pág. irreg 
942 |c BK 
945 |d 20170519 15:42:00  |a dcastane 
260 |a Venecia  |b Deputazione di Storia Patria per la Venezia Giulia  |c 1998 
650 0 |a Historia antigua  |9 267521 
650 0 |a Historia de Roma   |9 315349 
583 |a last modification  |c 20170519 15:42:00  |k Rodrigo Vera 
490 0 |a Quaderni Giuliani di Storia, 2 
999 |c 367975  |d 367973 
952 |0 0  |1 0  |3 erb  |4 0  |6 937_000000000000000_BAN_1998  |7 0  |8 A  |9 483207  |a FDOLAF  |b FDOLAF  |e Laffi, Umberto, 1939-  |i 5391814  |o 937 BAN 1998  |p 5391814  |r 2024-01-30  |w 2019-11-24  |y BK  |z Catalogado en:20170519  |k LAF